Fundamentals of educational research and data analysis: (Record no. 11934)

MARC details
000 -LEADER
fixed length control field 00842nam a22002537i 4500
003 - CONTROL NUMBER IDENTIFIER
control field URS
005 - DATE AND TIME OF LATEST TRANSACTION
control field 20220117094935.0
008 - FIXED-LENGTH DATA ELEMENTS--GENERAL INFORMATION
fixed length control field 170722b xxu||||| |||| 00| 0 eng d
020 ## - INTERNATIONAL STANDARD BOOK NUMBER
International Standard Book Number 971574012x
040 ## - CATALOGING SOURCE
Description conventions rda
Transcribing agency college
Language of cataloging eng
050 00 - LIBRARY OF CONGRESS CALL NUMBER
Classification number LB1028
Item number P136 1998
100 1# - MAIN ENTRY--PERSONAL NAME
Personal name Padua, Roberto N.,
Relator term author
245 10 - TITLE STATEMENT
Title Fundamentals of educational research and data analysis:
Statement of responsibility, etc. Padua, Roberto N.; Santos, Rosita De Guzman
Remainder of title A PAFTE Textbook Development Project/
264 #1 - PRODUCTION, PUBLICATION, DISTRIBUTION, MANUFACTURE, AND COPYRIGHT NOTICE
Place of production, publication, distribution, manufacture Quezon city:
Name of producer, publisher, distributor, manufacturer Katha Publishing Company, Incorporated,
Date of production, publication, distribution, manufacture, or copyright notice [1998]
264 #4 - PRODUCTION, PUBLICATION, DISTRIBUTION, MANUFACTURE, AND COPYRIGHT NOTICE
Date of production, publication, distribution, manufacture, or copyright notice ©1998
300 ## - PHYSICAL DESCRIPTION
Extent vi, 130 pages:
Dimensions 26.4 cm.
336 ## - CONTENT TYPE
Source rdacontent
Content type term text
338 ## - CARRIER TYPE
Source rdacarrier
Carrier type term volume
500 ## - GENERAL NOTE
General note Include reference
650 ## - SUBJECT ADDED ENTRY--TOPICAL TERM
Topical term or geographic name entry element Education--research.
650 ## - SUBJECT ADDED ENTRY--TOPICAL TERM
Topical term or geographic name entry element Education--research Methodology.
700 ## - ADDED ENTRY--PERSONAL NAME
Personal name Santos, Rosita De Guzman
942 ## - ADDED ENTRY ELEMENTS (KOHA)
Source of classification or shelving scheme Library of Congress Classification
Koha item type Filipiniana
Holdings
Withdrawn status Source of classification or shelving scheme Damaged status Not for loan Home library Current library Shelving location Date acquired Total Checkouts Full call number Barcode Date last seen Price effective from Koha item type
  Library of Congress Classification     Rodriguez College Library Rodriguez College Library Reference 07/22/2017   LB1028 P136 1998 URSROD-1396 07/22/2017 07/22/2017 Filipiniana

University of Rizal System
Email us at univlibservices@urs.edu.ph

Visit our Website www.urs.edu.ph/library